MARC

LEADER 00000nam0a2200000 4500
001 58966
005 20231101211756.0
035 |a (RuTPU)RU\TPU\book\62301 
090 |a 58966 
100 |a 20031211d1966 km y0rusy50 ca 
101 0 |a rus 
102 |a RU 
105 |a a z 001zy 
200 1 |a Автоматизация реверсивных электроприводов (подъемно-транспортные машины)  |f В. И. Ключев 
210 |a Москва  |a Ленинград  |c Энергия  |d 1966 
215 |a 143 с.  |c ил. 
225 1 |a Библиотека по автоматике  |v Вып. 196 
320 |a Библиогр.: с. 141-142. 
606 1 |a Подъемно-транспортное оборудование  |x Электроприводы  |x Электрооборудование  |2 stltpush  |3 (RuTPU)RU\TPU\subj\49839  |9 68601 
610 1 |a подъемно-транспортные машины 
610 1 |a автоматизация 
610 1 |a реверсивные электроприводы 
610 1 |a схемы 
610 1 |a параметры 
610 1 |a расчет 
675 |a 62-83-52  |v 3 
700 1 |a Ключев  |b В. И.  |g Владимир Иванович 
801 1 |a RU  |b 63413507  |c 20031211  |g PSBO 
801 2 |a RU  |b 63413507  |c 20220412  |g PSBO 
942 |c BK